Finanční matematika
Saved in:
| Main Author: | |
|---|---|
| Other Authors: | , , |
| Format: | Book |
| Language: | Slovak |
| Published: |
Brno
Yotta
2020
|
| Edition: | 1. vydání |
| Subjects: | |
| Tags: |
No Tags, Be the first to tag this record!
|
MARC
| LEADER | 00000nam a2200000 4500 | ||
|---|---|---|---|
| 001 | 0271021 | ||
| 005 | 20240502083818.7 | ||
| 020 | |a 978-80-270-8779-2 | ||
| 041 | 0 | |a slo | |
| 044 | |a CZ | ||
| 245 | 1 | 0 | |a Finanční matematika |c Boris Šturc - Ctibor Pilch ; recenzovali: Vladislav Pavlát, Petr Červínek |
| 250 | |a 1. vydání | ||
| 264 | 1 | |a Brno |b Yotta |c 2020 | |
| 300 | |a [67 s.] [3,3 AH] | ||
| 610 | 2 | 0 | |a matematika finančná |
| 610 | 2 | 0 | |a úrok |
| 610 | 2 | 0 | |a dôchodky |
| 610 | 2 | 0 | |a sporenie obyvateľstva |
| 610 | 2 | 0 | |a dlhy |
| 100 | 1 | |a Šturc, Boris, 1961- | |
| 700 | 1 | |a Pilch, Ctibor, 1957- | |
| 700 | 1 | |a Pavlát, Vladislav | |
| 700 | 1 | |a Červínek, Petr, 1977- | |